| 000 | 00444 a2200157 4500 | ||
|---|---|---|---|
| 020 | _a9780470889398 | ||
| 082 | _a333.7932 | ||
| 090 |
_c7128 _d7128 |
||
| 100 | _a Momoh, James A | ||
| 245 |
_aSmart grid : fundamentals of design and analysis _cJames A. Momoh |
||
| 260 |
_aNew York _bJohn Wiley _c2012 |
||
| 300 | _a216 p. | ||
| 650 | _aElectric power systems--Technological innovations | ||
| 700 | _aJames A. Momoh | ||
| 942 |
_cBK _k333.7932 MOM |
||
| 999 |
_c10932 _d10932 |
||